<?xml version="1.0" encoding="UTF-8"?>
<record
    xmlns:xsi="http://www.w3.org/2001/XMLSchema-instance"
    xsi:schemaLocation="http://www.loc.gov/MARC21/slim http://www.loc.gov/standards/marcxml/schema/MARC21slim.xsd"
    xmlns="http://www.loc.gov/MARC21/slim">

  <leader>01407nam a2200241   4500</leader>
  <controlfield tag="003">OSt</controlfield>
  <controlfield tag="005">20230116121820.0</controlfield>
  <controlfield tag="008">230116b        |||||||| |||| 00| 0 eng d</controlfield>
  <datafield tag="040" ind1=" " ind2=" ">
    <subfield code="c">Lado V</subfield>
  </datafield>
  <datafield tag="082" ind1=" " ind2=" ">
    <subfield code="a">708.9</subfield>
    <subfield code="b">T557d</subfield>
  </datafield>
  <datafield tag="100" ind1=" " ind2=" ">
    <subfield code="a">Ticoulat, Fernando</subfield>
    <subfield code="9">542</subfield>
    <subfield code="e">organizador</subfield>
  </datafield>
  <datafield tag="245" ind1=" " ind2=" ">
    <subfield code="a">Donde vive el arte en America Latina/</subfield>
  </datafield>
  <datafield tag="260" ind1=" " ind2=" ">
    <subfield code="a">Brasil</subfield>
    <subfield code="b">Art Consulting Tool</subfield>
    <subfield code="c">2021</subfield>
  </datafield>
  <datafield tag="300" ind1=" " ind2=" ">
    <subfield code="a">447p.</subfield>
    <subfield code="b">il (col)</subfield>
    <subfield code="c">23x32 cm</subfield>
  </datafield>
  <datafield tag="505" ind1=" " ind2=" ">
    <subfield code="t">Virginia P&#xE9;rez-Ratton. Una pr&#xE1;ctica situada / Virginia P&#xE9;rez-Ratton. A situated practice</subfield>
    <subfield code="r">Miguel A. L&#xF3;pez, M. Paola Malavasi Lachner</subfield>
    <subfield code="t">Virginia P&#xE9;rez-Ratton y la reinvenci&#xF3;n de Centroam&#xE9;rica / Virginia P&#xE9;rez-Ratton and the reivention of Central America</subfield>
    <subfield code="r">Paulo Herkenhoff</subfield>
    <subfield code="t">&#xBF;Qu&#xE9; regi&#xF3;n? Apuntando hacia un estrecho dudoso / What region? Pointing toward a dubious strait</subfield>
    <subfield code="r">Virginia P&#xE9;rez-Ratton</subfield>
    <subfield code="t">Dar voz es llenar un vac&#xED;o / To give voice is to fill a void</subfield>
    <subfield code="r">Mari Carmen Ram&#xED;rez</subfield>
    <subfield code="t">Semblanza / Biographical sketch</subfield>
    <subfield code="t">Cat&#xE1;logo / Catalogue</subfield>
    <subfield code="t">Cr&#xE9;ditos / Credits</subfield>
  </datafield>
  <datafield tag="650" ind1=" " ind2=" ">
    <subfield code="2">Tesauro de Arte &amp; Arquitectura</subfield>
    <subfield code="a">ARTE LATINOAMERICANO</subfield>
  </datafield>
  <datafield tag="650" ind1=" " ind2=" ">
    <subfield code="2">Tesauro de Arte &amp; Arquitectura</subfield>
    <subfield code="a">CRITICA SOCIAL</subfield>
  </datafield>
  <datafield tag="650" ind1=" " ind2=" ">
    <subfield code="2">Tesauro de Arte &amp; Arquitectura</subfield>
    <subfield code="a">ESCULTURA</subfield>
  </datafield>
  <datafield tag="650" ind1=" " ind2=" ">
    <subfield code="2">Tesauro de Arte &amp; Arquitectura</subfield>
    <subfield code="a">PINTURA</subfield>
  </datafield>
  <datafield tag="650" ind1=" " ind2=" ">
    <subfield code="2">Tesauro de Arte &amp; Arquitectura</subfield>
    <subfield code="a">DIBUJO</subfield>
  </datafield>
  <datafield tag="700" ind1=" " ind2=" ">
    <subfield code="a">Siqueira Lopes, Joao Paulo</subfield>
    <subfield code="e">organizacion</subfield>
  </datafield>
  <datafield tag="942" ind1=" " ind2=" ">
    <subfield code="2">ddc</subfield>
    <subfield code="c">1</subfield>
    <subfield code="h">708.9</subfield>
    <subfield code="i">T557d</subfield>
    <subfield code="n">0</subfield>
  </datafield>
  <datafield tag="999" ind1=" " ind2=" ">
    <subfield code="c">2795</subfield>
    <subfield code="d">2795</subfield>
  </datafield>
  <datafield tag="952" ind1=" " ind2=" ">
    <subfield code="0">0</subfield>
    <subfield code="1">0</subfield>
    <subfield code="2">ddc</subfield>
    <subfield code="4">0</subfield>
    <subfield code="7">0</subfield>
    <subfield code="a">LV</subfield>
    <subfield code="b">LV</subfield>
    <subfield code="d">2023-01-16</subfield>
    <subfield code="i">005027</subfield>
    <subfield code="l">0</subfield>
    <subfield code="o">708.9 T557d</subfield>
    <subfield code="p">005027</subfield>
    <subfield code="r">2023-01-16 00:00:00</subfield>
    <subfield code="w">2023-01-16</subfield>
    <subfield code="y">1</subfield>
  </datafield>
</record>
